| 000 | 00894nam a22002657a 4500 | ||
|---|---|---|---|
| 005 | 20201128021131.0 | ||
| 008 | 141123t2014 xxua grbd 001 0 eng d | ||
| 020 | _a9781259060380 | ||
| 020 | _a1259060381 | ||
| 040 | _aEG-ScBUE | ||
| 082 | 0 | 0 |
_222 _a150.72 _bBOR |
| 100 | 1 | _aBordens, Kenneth S. | |
| 245 | 1 | 0 |
_aResearch design and methods : _ba process approach / _cKenneth S. Bordens, Bruce B. Abbott. |
| 250 |
_a9th ed., _binternational student ed. |
||
| 260 |
_aNew York, United States : _bMcGraw-Hill Education, _cc.2014. |
||
| 300 |
_a[Various pagings] : _bill. ; _c23 cm. |
||
| 500 | _aIncludes glossary. | ||
| 500 | _aIncludes indexes. | ||
| 504 | _aIncludes bibliographical references. | ||
| 650 | 0 |
_9837 _aPsychology _xResearch _xMethodology |
|
| 653 |
_bBUSADM _cNovember2014 |
||
| 655 |
_vreading book _934232 |
||
| 700 | 1 |
_aAbbott, Bruce B. _936659 |
|
| 942 |
_2ddc _k150.72 BOR |
||
| 999 |
_c18664 _d18636 |
||